Fides caietana in controversia conceptionis B. Virginis Mariae, ad libram veritatis appensa, et nulla inventa

Detalles Bibliográficos
Autor principal: Marracci, Ippolito 1604-1675
Formato: Libro
Lenguaje:Latin
Publicado: Bulsani 1665
Edición:Editio sexta
Materias:
Colección:Banco de datos
Acervo:Biblioteca Armando Olivares Carrillo de la Universidad de Guanajuato. Fondo Conventos
Descripción Física:263 p. 8°
Tema general:Mariología
LEADER 00735nam a22001930004500
035 |a 4443 
041 0 |a lat 
050 4 |a BT600  |b M3 
100 1 |a Marracci, Ippolito  |d 1604-1675 
245 1 0 |a Fides caietana in controversia conceptionis B. Virginis Mariae, ad libram veritatis appensa, et nulla inventa  |c auctore R.P. Hippolyto Marracio, lucensi, Congreg. Cleric. Regul. Matris Dei 
250 |a Editio sexta  
260 |a Bulsani  |b apud Antonium Krenier  |c 1665 
300 |a 263 p.  |c 8° 
501 |a 1 obra (8105-B, 8045-B, 8900-B) 
650 1 0 |a Mariología 
949 |a CO. 8105-B, 8045-B, 8900-B 
942 |c GUANAJUATO 
943 |g Biblioteca Armando Olivares Carrillo de la Universidad de Guanajuato. Fondo Conventos 
999 |c 1148400  |d 1148400